[Event "Lutsk Nebesna Sotnya Memorial blitz"]
[Site "Lutsk"]
[Date "2016.02.19"]
[Round "19"]
[White "Mischuk, Dmitry"]
[Black "Martynov, Roman"]
[Result "1-0"]
[WhiteElo "2349"]
[BlackElo "2313"]
[PlyCount "74"]
[EventDate "2016.02.19"]
[EventType "swiss (blitz)"]
[EventRounds "22"]
[EventCountry "UKR"]
[SourceTitle "CBM 170 Extra"]
[Source "ChessBase"]
[SourceDate "2016.02.25"]
[SourceVersion "1"]
[SourceVersionDate "2016.02.25"]
[SourceQuality "1"]

1. e4 c6 2. d4 d5 3. f3 Qb6 4. a4 dxe4 5. a5 Qc7 6. fxe4 e5 7. Nf3 Bg4 8. Bc4 Nf6 9. dxe5 Nxe4 10. Qe2 Nc5 11. 0-0 Ne6 12. Nc3 Nd7 13. Bxe6 Bxe6 14. Bf4 Bb4 15. Ne4 0-0 16. a6 bxa6 17. Nfg5 Nxe5 18. Qh5 h6 19. Nxe6 fxe6 20. Qxe5 Qb6+ 21. Kh1 Rae8 22. c3 Rf5 23. Qc7 Be7 24. Qxb6 axb6 25. Bg3 a5 26. Rfe1 Rd5 27. h3 Bf8 28. Re2 Ra8 29. Rae1 a4 30. c4 Rf5 31. Nd6 Rg5 32. Bf4 Rc5 33. Rxe6 Bxd6 34. Rxd6 Rxc4 35. Bd2 b5 36. Rd7 Kh8 37. Bc3 Rg8 1-0

[Event "Krakow op-A 26th"]
[Site "Krakow"]
[Date "2016.01.02"]
[Round "7"]
[White "Martynov, Roman"]
[Black "Jakubowski, Krzysztof"]
[Result "0-1"]
[WhiteElo "2284"]
[BlackElo "2575"]
[PlyCount "80"]
[EventDate "2015.12.27"]
[EventType "swiss"]
[EventRounds "9"]
[EventCountry "POL"]
[SourceTitle "CBM 170 Extra"]
[Source "ChessBase"]
[SourceDate "2016.02.25"]
[SourceVersion "1"]
[SourceVersionDate "2016.02.25"]
[SourceQuality "1"]

1. d4 Nf6 2. c4 e6 3. g3 d5 4. Nf3 dxc4 5. Bg2 a6 6. 0-0 Nc6 7. Nc3 Rb8 8. e4 Be7 9. Qe2 b5 10. d5 Nb4 11. Rd1 exd5 12. e5 Ng4 13. h3 Nd3 14. Nd4 Ngxf2 15. Nc6 Nxd1 16. Qxd1 Be6 17. Nxd8 Rxd8 18. Ne2 0-0 19. Nf4 Nxf4 20. gxf4 f5 21. Bd2 c5 22. Ba5 Rd7 23. a3 Kh8 24. Kh2 Rg8 25. Qe2 Rb8 26. Bf3 b4 27. Qf2 bxa3 28. Rxa3 Rdb7 29. Ra2 h6 30. Bd2 Rxb2 31. Rxa6 Bg8 32. Ra3 d4 33. Kg3 c3 34. Qe1 cxd2 35. Qd1 R2b3 36. Rxb3 Rxb3 37. Kf2 Rb2 38. Kg3 Rb3 39. Kg2 Ra3 40. Qxd2 Ra2 0-1

[Event "EU-ch rapid"]
[Site "Minsk"]
[Date "2015.12.19"]
[Round "6"]
[White "Martynov, Roman"]
[Black "Andriasian, Zaven"]
[Result "0-1"]
[WhiteElo "2284"]
[BlackElo "2594"]
[PlyCount "58"]
[EventDate "2015.12.19"]
[EventType "swiss (rapid)"]
[EventRounds "11"]
[EventCountry "BLR"]
[SourceTitle "EXT 2017"]
[Source "ChessBase"]
[SourceDate "2016.10.25"]
[SourceVersion "1"]
[SourceVersionDate "2016.10.25"]
[SourceQuality "1"]

1. d4 g6 2. c4 Bg7 3. e4 d6 4. Nc3 Nd7 5. Nf3 e5 6. Be2 Ne7 7. 0-0 0-0 8. Re1 h6 9. Bf1 g5 10. dxe5 Nxe5 11. Nd4 a6 12. Nd5 c5 13. Nxe7+ Qxe7 14. Nc2 Bd7 15. Ne3 b5 16. cxb5 axb5 17. f4 gxf4 18. Nd5 Qd8 19. Bxf4 Ra4 20. Qb3 c4 21. Qg3 Kh7 22. a3 Rg8 23. Qe3 Be6 24. Nc3 Ng4 25. Qf3 Bd4+ 26. Kh1 Nf2+ 27. Kg1 Nh3+ 28. Kh1 Bg4 29. Qg3 Nf2+ 0-1

[Event "EU-ch rapid"]
[Site "Minsk"]
[Date "2015.12.19"]
[Round "3"]
[White "Ponkratov, Pavel"]
[Black "Martynov, Roman"]
[Result "1-0"]
[WhiteElo "2604"]
[BlackElo "2284"]
[PlyCount "112"]
[EventDate "2015.12.19"]
[EventType "swiss (rapid)"]
[EventRounds "11"]
[EventCountry "BLR"]
[SourceTitle "EXT 2017"]
[Source "ChessBase"]
[SourceDate "2016.10.25"]
[SourceVersion "1"]
[SourceVersionDate "2016.10.25"]
[SourceQuality "1"]

1. d4 Nf6 2. c4 e6 3. g3 Bb4+ 4. Bd2 Qe7 5. Bg2 Nc6 6. e3 Bxd2+ 7. Qxd2 d6 8. Nc3 0-0 9. Nge2 e5 10. 0-0 Re8 11. Rac1 e4 12. Nd5 Qd8 13. Nec3 Bf5 14. Qc2 Bg6 15. Nf4 Bf5 16. Nfd5 Bg6 17. a3 a6 18. Bh1 h6 19. Rfe1 Rc8 20. Bg2 Rb8 21. Nxf6+ Qxf6 22. Nxe4 Qe7 23. f3 Bxe4 24. fxe4 Qg5 25. b4 Ne7 26. Qf2 Ng6 27. Rf1 Re7 28. c5 Rbe8 29. Rc3 h5 30. Qf5 Qh6 31. h4 Nf8 32. Qd5 Qg6 33. Qg5 Qxg5 34. hxg5 g6 35. e5 dxe5 36. Bxb7 exd4 37. exd4 Ne6 38. d5 Nxg5 39. Bxa6 Re3 40. Rfc1 h4 41. gxh4 Nh3+ 42. Kh2 Nf4 43. d6 cxd6 44. cxd6 Rxc3 45. Rxc3 Rd8 46. Rc8 Rxc8 47. Bxc8 Kf8 48. Kg3 Nd5 49. Kf3 Nb6 50. Ba6 f6 51. Bb5 Kf7 52. Ke4 Ke6 53. d7 Ke7 54. a4 Na8 55. Bc6 Nb6 56. a5 Nc4 1-0